[Event "Titled Tuesday 2024.09.24 Late"]
[Site "chess.com INT"]
[Date "2024.09.24"]
[Round "4"]
[White "Milosevic, Milos"]
[Black "Mendes, Aaron Reeve"]
[Result "1/2-1/2"]
[WhiteElo "2315"]
[BlackElo "2320"]
[PlyCount "227"]
[GameId "2130307536597161"]
[EventDate "2024.09.24"]
[EventType "swiss (blitz)"]
[EventRounds "11"]
[EventCountry "NET"]
[SourceTitle "The Week in Chess 1560"]
[Source "Mark Crowther"]
[SourceDate "2024.09.30"]
[SourceVersion "1"]
[SourceVersionDate "2024.09.30"]
[SourceQuality "2"]

1. d4 d5 2. Nf3 Nf6 3. Bf4 c5 4. e3 Nc6 5. Nbd2 cxd4 6. exd4 g6 7. c3 Bg7 8. Bb5 O-O 9. O-O a6 10. Bxc6 bxc6 11. Ne5 Bb7 12. Nb3 Ne4 13. f3 Bxe5 14. dxe5 Qb6+ 15. Qd4 c5 16. Qe3 d4 17. cxd4 c4 18. fxe4 cxb3 19. axb3 f6 20. d5 Qxe3+ 21. Bxe3 fxe5 22. Bg5 Rf7 23. Rxf7 Kxf7 24. Rf1+ Ke8 25. Rc1 Rc8 26. Rc4 e6 27. Rxc8+ Bxc8 28. Bf6 exd5 29. exd5 Bb7 30. Bxe5 Bxd5 31. b4 Kd7 32. Bc3 Kc6 33. Kf2 Kb5 34. g3 Kc4 35. Ke3 Bc6 36. Kf4 h5 37. Ke5 Ba4 38. Kf6 Bc2 39. Kg5 Kb5 40. h3 Kc4 41. Kf4 Kb5 42. Ke5 Bf5 43. h4 Kc4 44. Kd6 Kb5 45. Kd5 Bc2 46. Bd2 Ka4 47. Kc6 Kb3 48. Kb6 Bd3 49. Kc5 Kxb2 50. Bg5 Kc3 51. Bd8 Bb5 52. Ba5 Kd3 53. Kd5 Ke3 54. Ke6 Kf3 55. Bc7 Bd3 56. Kf6 Kg4 57. Bf4 Bc2 58. Bb8 Kf3 59. Kg5 Ke2 60. Kf4 Kd2 61. Bd6 Kc3 62. Bf8 Kd4 63. g4 Bd1 64. g5 Bc2 65. Bg7+ Kc4 66. Bf8 Kb5 67. Ke5 Kc4 68. Kf6 Kb5 69. Be7 Bf5 70. Ke5 Kc6 71. Kd4 Kd7 72. Bc5 Bb1 73. Kd5 Ba2+ 74. Ke5 Kc6 75. Bf8 Bb1 76. Kd4 Kb5 77. Kd5 Bf5 78. Kd4 Be6 79. Kc3 Ka4 80. Kd4 Ba2 81. Kc5 Bb1 82. Kb6 Bd3 83. Be7 Kb3 84. Kc5 Kc3 85. Bf6+ Kd2 86. Kd4 Ke2 87. Kc3 Bb5 88. Kc2 Kf3 89. Bc3 Kf2 90. Kc1 Bd3 91. Kd2 Bf5 92. Kc1 Ke2 93. Kb2 Be6 94. Bf6 Bc4 95. Bc3 Bb5 96. Bf6 Kf2 97. Bc3 Ke3 98. Kc1 Kd3 99. Be1 Ke2 100. Bc3 Kf2 101. Kc2 Kg3 102. Be1+ Kg4 103. Kc1 Kf3 104. Bc3 Ke2 105. Kb2 Kd3 106. Bf6 Kc4 107. Bc3 Bc6 108. Be1 Be4 109. Bc3 Bd3 110. Be1 Kd5 111. Bc3 Bb5 112. Be1 Ke4 113. Bc3 Kf3 114. Kc1 1/2-1/2

[Event "Titled Tuesday 2024.09.24 Late"]
[Site "chess.com INT"]
[Date "2024.09.24"]
[Round "5"]
[White "Mendes, Aaron Reeve"]
[Black "Sultanbek, Zeinep"]
[Result "1-0"]
[WhiteElo "2320"]
[BlackElo "2098"]
[PlyCount "155"]
[GameId "2130307536597222"]
[EventDate "2024.09.24"]
[EventType "swiss (blitz)"]
[EventRounds "11"]
[EventCountry "NET"]
[SourceTitle "The Week in Chess 1560"]
[Source "Mark Crowther"]
[SourceDate "2024.09.30"]
[SourceVersion "1"]
[SourceVersionDate "2024.09.30"]
[SourceQuality "2"]

1. e4 e5 2. Nf3 Nc6 3. Bc4 Nf6 4. O-O Bc5 5. c3 d6 6. d4 Bb6 7. Re1 O-O 8. h3 h6 9. Na3 a6 10. Be3 exd4 11. cxd4 d5 12. e5 dxc4 13. exf6 Qxf6 14. Nxc4 Ba7 15. d5 Bxe3 16. Rxe3 Ne7 17. Qd2 Nf5 18. Re2 Nh4 19. Nxh4 Qxh4 20. Qc3 Bf5 21. Rae1 Rac8 22. Re5 Bg6 23. Nd2 Qf6 24. Re7 Qxc3 25. bxc3 f6 26. Nb3 Bf7 27. c4 b5 28. cxb5 axb5 29. Rd7 Rfd8 30. Ree7 Rxd7 31. Rxd7 c6 32. d6 Bxb3 33. axb3 c5 34. Rc7 Rd8 35. Rxc5 Rxd6 36. Rxb5 Rd2 37. Rc5 Rb2 38. Rc3 Kf7 39. Re3 Kg6 40. g4 h5 41. Kg2 hxg4 42. hxg4 Kf7 43. Kg3 Kg6 44. f4 Kf7 45. f5 Rb1 46. Kf4 Rb2 47. Ke4 Rg2 48. Kf4 Rb2 49. Kf3 Rb1 50. Ke4 Rg1 51. Kf4 Rb1 52. Rg3 Re1 53. g5 Rf1+ 54. Kg4 fxg5 55. Kxg5 Rb1 56. Rc3 Rg1+ 57. Kf4 Rb1 58. Ke5 Kf8 59. Ke6 Re1+ 60. Kd6 Rf1 61. Rc5 Rb1 62. Rb5 Kf7 63. b4 Kf6 64. Kc6 Rb2 65. Kb6 Rb3 66. Kb7 Rb1 67. Ka6 Rb2 68. Ka5 Rb1 69. Rc5 Ra1+ 70. Kb6 Rf1 71. b5 Rxf5 72. Rxf5+ Kxf5 73. Kc5 g5 74. b6 g4 75. b7 g3 76. b8=Q g2 77. Qg3 g1=Q+ 78. Qxg1 1-0

[Event "Titled Tuesday 2024.09.24 Late"]
[Site "chess.com INT"]
[Date "2024.09.24"]
[Round "10"]
[White "Mikhalsky, Vladimir"]
[Black "Mendes, Aaron Reeve"]
[Result "1-0"]
[WhiteElo "2219"]
[BlackElo "2320"]
[PlyCount "69"]
[GameId "2130307536609765"]
[EventDate "2024.09.24"]
[EventType "swiss (blitz)"]
[EventRounds "11"]
[EventCountry "NET"]
[SourceTitle "The Week in Chess 1560"]
[Source "Mark Crowther"]
[SourceDate "2024.09.30"]
[SourceVersion "1"]
[SourceVersionDate "2024.09.30"]
[SourceQuality "2"]

1. d4 d5 2. c4 c6 3. Nf3 Nf6 4. Nc3 dxc4 5. a4 Bf5 6. Ne5 Nbd7 7. Nxc4 Nb6 8. Ne3 e6 9. a5 Nbd5 10. Nxf5 exf5 11. a6 b5 12. e3 g6 13. h4 h5 14. Be2 Bd6 15. Bf3 O-O 16. g3 Qc7 17. Ne2 Rad8 18. O-O Qe7 19. Qb3 Ne4 20. Kg2 Ndf6 21. Nc3 b4 22. Nxe4 fxe4 23. Be2 c5 24. Rd1 Rd7 25. Bd2 Rfd8 26. Ra5 Ng4 27. Be1 Kh7 28. dxc5 Bxc5 29. Rxd7 Rxd7 30. Rb5 Rd8 31. Bxb4 Bxb4 32. Qxb4 Qe5 33. Rxe5 Nxe5 34. Qe7 Rd5 35. Bc4 1-0

[Event "Titled Tuesday 2024.09.24 Late"]
[Site "chess.com INT"]
[Date "2024.09.24"]
[Round "11"]
[White "Mendes, Aaron Reeve"]
[Black "Chassard, Cedric"]
[Result "1-0"]
[WhiteElo "2320"]
[BlackElo "2289"]
[PlyCount "103"]
[GameId "2130307536609794"]
[EventDate "2024.09.24"]
[EventType "swiss (blitz)"]
[EventRounds "11"]
[EventCountry "NET"]
[SourceTitle "The Week in Chess 1560"]
[Source "Mark Crowther"]
[SourceDate "2024.09.30"]
[SourceVersion "1"]
[SourceVersionDate "2024.09.30"]
[SourceQuality "2"]

1. e4 c5 2. Nf3 Nf6 3. e5 Nd5 4. c4 Nb4 5. a3 N4c6 6. b4 cxb4 7. axb4 Nxb4 8. d4 d5 9. Qa4+ N8c6 10. Nc3 e6 11. Ba3 Bd7 12. Qb3 dxc4 13. Bxc4 Na5 14. Qb1 Nxc4 15. Bxb4 Qb6 16. Bxf8 Rxf8 17. Qd3 Qc7 18. O-O a6 19. Rfc1 Rc8 20. Ne4 Bb5 21. Qb1 Qc6 22. Nd6+ Kd7 23. Qb4 Qd5 24. Nxc8 Rxc8 25. h4 h6 26. Nd2 Nxd2 27. Qxd2 Bc6 28. f3 Ke8 29. Rc5 Qd7 30. Rac1 Rd8 31. R1c4 Qe7 32. Qc1 Qxh4 33. d5 Qg3 34. dxc6 bxc6 35. Rxc6 Qxe5 36. Rc8 Rxc8 37. Rxc8+ Ke7 38. Qc7+ Qxc7 39. Rxc7+ Kf6 40. Ra7 Kg6 41. Rxa6 f6 42. Rxe6 Kf5 43. Re4 g5 44. g4+ Kg6 45. Kf2 h5 46. Kg3 h4+ 47. Kh3 Kg7 48. f4 Kf7 49. fxg5 fxg5 50. Re5 Kf6 51. Rf5+ Kg6 52. Kg2 1-0

[Event "Titled Tuesday 2024.09.17 Late"]
[Site "chess.com INT"]
[Date "2024.09.17"]
[Round "1"]
[White "Rupesh Reddy Y"]
[Black "Mendes, Aaron Reeve"]
[Result "0-1"]
[WhiteElo "2227"]
[BlackElo "2320"]
[PlyCount "76"]
[GameId "2130307536693567"]
[EventDate "2024.09.17"]
[EventType "swiss (blitz)"]
[EventRounds "11"]
[EventCountry "NET"]
[SourceTitle "The Week in Chess 1559"]
[Source "Mark Crowther"]
[SourceDate "2024.09.23"]
[SourceVersion "1"]
[SourceVersionDate "2024.09.23"]
[SourceQuality "2"]

1. d4 d5 2. c4 c6 3. Nc3 Nf6 4. e3 Bf5 5. cxd5 Nxd5 6. Qb3 Nb6 7. e4 Bg6 8. Be3 e6 9. Nf3 N8d7 10. Be2 a5 11. a3 Be7 12. O-O O-O 13. Rfd1 Kh8 14. d5 exd5 15. exd5 c5 16. d6 Bf6 17. a4 Rc8 18. Nd5 Nxd5 19. Qxd5 Qb6 20. Nd2 Rfe8 21. Nc4 Qb3 22. Nxa5 Qxd5 23. Rxd5 Bxb2 24. Rf1 Bc3 25. Nc4 Be4 26. Rdd1 Ra8 27. Rc1 Bb4 28. a5 Bc6 29. Bg4 Bxa5 30. Bxd7 Bxd7 31. Bxc5 Rec8 32. Nb6 Bxb6 33. Bxb6 Rc6 34. Bc7 Re8 35. h3 g6 36. Rfe1 Kg7 37. Rxe8 Rxc1+ 38. Kh2 Bxe8 0-1

[Event "Titled Tuesday 2024.09.17 Late"]
[Site "chess.com INT"]
[Date "2024.09.17"]
[Round "2"]
[White "Dubov, Daniil"]
[Black "Mendes, Aaron Reeve"]
[Result "1-0"]
[WhiteElo "2693"]
[BlackElo "2320"]
[PlyCount "29"]
[GameId "2130307536693597"]
[EventDate "2024.09.17"]
[EventType "swiss (blitz)"]
[EventRounds "11"]
[EventCountry "NET"]
[SourceTitle "The Week in Chess 1559"]
[Source "Mark Crowther"]
[SourceDate "2024.09.23"]
[SourceVersion "1"]
[SourceVersionDate "2024.09.23"]
[SourceQuality "2"]

1. d4 d5 2. c4 c6 3. Nf3 Nf6 4. cxd5 cxd5 5. Nc3 Nc6 6. Bf4 Bf5 7. Qb3 e6 8. Qxb7 Nb4 9. e4 Be7 10. Bb5+ Kf8 11. exf5 Nc2+ 12. Ke2 Nxa1 13. Rxa1 exf5 14. Ne5 Bd6 15. Qxf7# 1-0

[Event "Titled Tuesday 2024.09.17 Late"]
[Site "chess.com INT"]
[Date "2024.09.17"]
[Round "5"]
[White "Seo, Jung Min"]
[Black "Mendes, Aaron Reeve"]
[Result "0-1"]
[WhiteElo "2505"]
[BlackElo "2320"]
[PlyCount "140"]
[GameId "2130307536706104"]
[EventDate "2024.09.17"]
[EventType "swiss (blitz)"]
[EventRounds "11"]
[EventCountry "NET"]
[SourceTitle "The Week in Chess 1559"]
[Source "Mark Crowther"]
[SourceDate "2024.09.23"]
[SourceVersion "1"]
[SourceVersionDate "2024.09.23"]
[SourceQuality "2"]

1. e4 c5 2. Nf3 d6 3. d4 cxd4 4. Nxd4 Nf6 5. Nc3 a6 6. Bd3 e5 7. Nde2 Be6 8. O-O Be7 9. Ng3 Nc6 10. h3 h6 11. a3 O-O 12. Be3 Rc8 13. Qf3 Nd4 14. Bxd4 exd4 15. Nce2 d5 16. e5 Nd7 17. Nxd4 Nxe5 18. Qe3 Bf6 19. Nh5 Nc4 20. Bxc4 Rxc4 21. Nxe6 fxe6 22. Qxe6+ Kh8 23. Nxf6 Qxf6 24. Qxf6 Rxf6 25. c3 Rb6 26. Rab1 d4 27. cxd4 Rxd4 28. b4 Rd3 29. Ra1 Rbd6 30. Rfe1 Rd2 31. Re7 Rf6 32. Rf1 b5 33. Re3 Ra2 34. Rg3 Kh7 35. Rc1 Raxf2 36. Rc7 Rf7 37. Rc6 R2f6 38. Rgc3 h5 39. R6c5 Kh6 40. Kh2 g6 41. Rc8 Rd7 42. R3c6 Rdd6 43. R6c7 Kg5 44. Rc5+ Rf5 45. R8c6 Rxc6 46. Rxc6 Rf6 47. h4+ Kf5 48. Rc5+ Ke6 49. Kg3 Kd6 50. Rg5 Ke6 51. Kh3 Kd6 52. Rc5 Kd7 53. g3 Re6 54. Kg2 Re3 55. Rg5 Rxa3 56. Rxg6 Ra4 57. Rh6 Rxb4 58. Rxa6 Rc4 59. Rb6 Rc5 60. Kf3 Kc7 61. Rg6 b4 62. Ra6 b3 63. Ra1 b2 64. Rb1 Rb5 65. Kf4 Kd6 66. g4 Rb4+ 67. Kg5 hxg4 68. h5 Ke7 69. h6 Kf7 70. Kh4 Kg6 0-1

[Event "Titled Tuesday 2024.09.17 Late"]
[Site "chess.com INT"]
[Date "2024.09.17"]
[Round "6"]
[White "Mendes, Aaron Reeve"]
[Black "Rustamov, Rustam"]
[Result "0-1"]
[WhiteElo "2320"]
[BlackElo "2283"]
[PlyCount "80"]
[GameId "2130307536706141"]
[EventDate "2024.09.17"]
[EventType "swiss (blitz)"]
[EventRounds "11"]
[EventCountry "NET"]
[SourceTitle "The Week in Chess 1559"]
[Source "Mark Crowther"]
[SourceDate "2024.09.23"]
[SourceVersion "1"]
[SourceVersionDate "2024.09.23"]
[SourceQuality "2"]

1. e4 c5 2. Nf3 d6 3. Bb5+ Nd7 4. O-O a6 5. Bxd7+ Bxd7 6. Re1 Nf6 7. e5 dxe5 8. Nxe5 e6 9. b3 Bd6 10. Bb2 O-O 11. d3 Qc7 12. h3 b5 13. Nd2 Bc8 14. Ng4 Nxg4 15. Qxg4 e5 16. Qe2 f6 17. Ne4 Bb7 18. Nxd6 Qxd6 19. Qg4 Rfc8 20. Rad1 Bc6 21. Qg3 Qd7 22. Re3 c4 23. d4 Rd8 24. Rde1 e4 25. f3 f5 26. fxe4 Bxe4 27. Qf2 Rac8 28. Rg3 cxb3 29. cxb3 Rc2 30. Re2 Rxe2 31. Qxe2 Rc8 32. d5 Rc2 33. Qe3 Rxb2 34. Qb6 Rc2 35. Qxa6 Rc8 36. d6 Rd8 37. Qa5 Qxd6 38. Qc3 Qd4+ 39. Kh2 Qxc3 40. Rxc3 Rd2 0-1

[Event "Titled Tuesday 2024.09.17 Late"]
[Site "chess.com INT"]
[Date "2024.09.17"]
[Round "7"]
[White "Mikhalsky, Vladimir"]
[Black "Mendes, Aaron Reeve"]
[Result "1-0"]
[WhiteElo "2219"]
[BlackElo "2320"]
[PlyCount "113"]
[GameId "2130307536710290"]
[EventDate "2024.09.17"]
[EventType "swiss (blitz)"]
[EventRounds "11"]
[EventCountry "NET"]
[SourceTitle "The Week in Chess 1559"]
[Source "Mark Crowther"]
[SourceDate "2024.09.23"]
[SourceVersion "1"]
[SourceVersionDate "2024.09.23"]
[SourceQuality "2"]

1. d4 d5 2. g3 Nf6 3. Bg2 Nbd7 4. Nf3 Nb6 5. O-O Bf5 6. b3 e6 7. a4 a5 8. Nc3 c6 9. Nh4 Bb4 10. Na2 Be7 11. Nxf5 exf5 12. Bd2 O-O 13. Nc1 Ne4 14. Be1 Bf6 15. e3 c5 16. Ne2 c4 17. Nc3 Qd7 18. Bh3 g6 19. Nxe4 dxe4 20. Qe2 Rfc8 21. f3 exf3 22. Qxf3 cxb3 23. cxb3 Rc2 24. Rf2 Rac8 25. Bxa5 Nd5 26. Rd1 Rxf2 27. Qxf2 Qe7 28. Re1 Bg5 29. Bd2 Rc2 30. Bg2 Nf6 31. Bf3 Rb2 32. Bb4 Rxf2 33. Bxe7 Rxf3 34. Bxf6 Rxe3 35. Rxe3 Bxe3+ 36. Kg2 Bd2 37. Kf3 Kf8 38. Ke2 Bb4 39. Kd3 Ke8 40. Kc4 Be1 41. b4 Kd7 42. d5 h6 43. Bg7 h5 44. Bh6 h4 45. Bf4 f6 46. b5 g5 47. Bb8 hxg3 48. Bxg3 Ba5 49. Kc5 Bd8 50. Be1 f4 51. a5 Be7+ 52. Kb6 f3 53. a6 bxa6 54. bxa6 Ba3 55. Kb7 Bc1 56. a7 f2 57. Bxf2 1-0

[Event "Titled Tuesday 2024.09.17 Late"]
[Site "chess.com INT"]
[Date "2024.09.17"]
[Round "8"]
[White "Mendes, Aaron Reeve"]
[Black "Ponce Cano, Adrian"]
[Result "1-0"]
[WhiteElo "2320"]
[BlackElo "2197"]
[PlyCount "105"]
[GameId "2130307536710335"]
[EventDate "2024.09.17"]
[EventType "swiss (blitz)"]
[EventRounds "11"]
[EventCountry "NET"]
[SourceTitle "The Week in Chess 1559"]
[Source "Mark Crowther"]
[SourceDate "2024.09.23"]
[SourceVersion "1"]
[SourceVersionDate "2024.09.23"]
[SourceQuality "2"]

1. e4 c5 2. Nf3 a6 3. b3 d5 4. exd5 Nf6 5. c4 g6 6. Bb2 Bg7 7. d4 Ne4 8. Bd3 Bf5 9. Qc2 Qa5+ 10. Nbd2 Nxd2 11. Qxd2 Qxd2+ 12. Kxd2 Bxd3 13. Kxd3 Nd7 14. Rhe1 b5 15. Re2 Bf6 16. Rae1 O-O 17. Ba3 b4 18. Bc1 cxd4 19. Bg5 Nc5+ 20. Kd2 d3 21. Bxf6 exf6 22. Re7 Rfc8 23. Nd4 a5 24. d6 Kf8 25. Nb5 a4 26. d7 Rd8 27. Nc7 Rab8 28. Re8+ Kg7 29. Rxd8 Rxd8 30. Ne8+ Kf8 31. Nxf6 Ne6 32. g4 Kg7 33. g5 h6 34. h4 axb3 35. axb3 Ra8 36. Kxd3 Nc5+ 37. Kd4 Nxd7 38. Nxd7 Rd8 39. Re7 hxg5 40. hxg5 Kg8 41. c5 f6 42. c6 fxg5 43. c7 Rc8 44. Nb6 Rxc7 45. Rxc7 g4 46. Ke5 g3 47. fxg3 g5 48. Kf6 Kh8 49. Nd5 g4 50. Ne7 Kh7 51. Nf5+ Kg8 52. Kg6 Kf8 53. Rc8# 1-0

[Event "Titled Tuesday 2024.09.17 Late"]
[Site "chess.com INT"]
[Date "2024.09.17"]
[Round "9"]
[White "Luong Phuong Hanh"]
[Black "Mendes, Aaron Reeve"]
[Result "0-1"]
[WhiteElo "2225"]
[BlackElo "2320"]
[PlyCount "64"]
[GameId "2130307536714482"]
[EventDate "2024.09.17"]
[EventType "swiss (blitz)"]
[EventRounds "11"]
[EventCountry "NET"]
[SourceTitle "The Week in Chess 1559"]
[Source "Mark Crowther"]
[SourceDate "2024.09.23"]
[SourceVersion "1"]
[SourceVersionDate "2024.09.23"]
[SourceQuality "2"]

1. d4 d5 2. c4 c6 3. Nf3 Nf6 4. Qc2 dxc4 5. Qxc4 Bf5 6. g3 Nbd7 7. Bg2 e6 8. O-O Be7 9. e3 O-O 10. Qe2 c5 11. Rd1 Rc8 12. Nc3 a6 13. h3 Qa5 14. e4 Bg6 15. d5 exd5 16. e5 Rfe8 17. exf6 Bxf6 18. Qd2 d4 19. Nd5 Qd8 20. Nxf6+ Nxf6 21. Nh4 Be4 22. Qf4 Qd5 23. Bxe4 Rxe4 24. Qg5 Re5 25. Qf4 Rce8 26. Bd2 Ne4 27. Nf3 Rf5 28. Qg4 h5 29. Qh4 Rxf3 30. Be1 Nf6 31. Bd2 Re2 32. Be1 g5 0-1

[Event "Titled Tuesday 2024.09.10 Late"]
[Site "chess.com INT"]
[Date "2024.09.10"]
[Round "1"]
[White "Todev, Simeon"]
[Black "Mendes, Aaron Reeve"]
[Result "1-0"]
[WhiteElo "2092"]
[BlackElo "2320"]
[PlyCount "131"]
[GameId "2130307537293923"]
[EventDate "2024.09.10"]
[EventType "swiss (blitz)"]
[EventRounds "11"]
[EventCountry "NET"]
[SourceTitle "The Week in Chess 1558"]
[Source "Mark Crowther"]
[SourceDate "2024.09.16"]
[SourceVersion "1"]
[SourceVersionDate "2024.09.16"]
[SourceQuality "2"]

1. e4 c5 2. Nf3 Nc6 3. c3 d5 4. Bd3 Bg4 5. O-O a6 6. h3 Bxf3 7. Qxf3 c4 8. Bc2 d4 9. d3 dxc3 10. Nxc3 cxd3 11. Qxd3 e6 12. Bf4 Bb4 13. Rfd1 Qxd3 14. Rxd3 Nge7 15. a3 Bxc3 16. Rxc3 O-O 17. Rc1 Rfd8 18. Ba4 h6 19. Be3 Rac8 20. Bb6 Rd7 21. Kf1 g5 22. Ke2 Kg7 23. Rd1 Rxd1 24. Bxd1 f6 25. Bb3 Kf7 26. g3 Ne5 27. Rxc8 Nxc8 28. Bd4 Nc6 29. Bc3 Nd6 30. f3 Nb5 31. Kd3 Nxc3 32. Kxc3 Ke7 33. f4 Kd6 34. Ba4 b5 35. Bd1 Ne7 36. Bh5 f5 37. Kd4 Nc6+ 38. Ke3 Ke7 39. exf5 exf5 40. Bf3 Na5 41. Bd5 Kd6 42. Kd4 gxf4 43. gxf4 Kc7 44. b4 Nc6+ 45. Bxc6 Kxc6 46. Ke5 h5 47. h4 Kb6 48. Kxf5 a5 49. Ke5 axb4 50. axb4 Kc6 51. Ke6 Kc7 52. Ke7 Kc6 53. f5 Kc7 54. f6 Kc6 55. f7 Kc7 56. f8=Q Kc6 57. Qf5 Kc7 58. Qc5+ Kb7 59. Qxb5+ Ka7 60. Qxh5 Kb7 61. Qb5+ Ka7 62. Qc6 Kb8 63. b5 Ka7 64. b6+ Kb8 65. Qc7+ Ka8 66. Qa7# 1-0

[Event "Titled Tuesday 2024.09.10 Late"]
[Site "chess.com INT"]
[Date "2024.09.10"]
[Round "2"]
[White "Mendes, Aaron Reeve"]
[Black "Mesquita, Eduardo Barbosa"]
[Result "1-0"]
[WhiteElo "2320"]
[BlackElo "1999"]
[PlyCount "91"]
[GameId "2130307537293977"]
[EventDate "2024.09.10"]
[EventType "swiss (blitz)"]
[EventRounds "11"]
[EventCountry "NET"]
[SourceTitle "The Week in Chess 1558"]
[Source "Mark Crowther"]
[SourceDate "2024.09.16"]
[SourceVersion "1"]
[SourceVersionDate "2024.09.16"]
[SourceQuality "2"]

1. e4 c5 2. Nf3 d6 3. b3 Nf6 4. Bb5+ Nbd7 5. e5 dxe5 6. Nxe5 a6 7. Bxd7+ Nxd7 8. Nxd7 Qxd7 9. O-O e6 10. Bb2 b5 11. d4 cxd4 12. Bxd4 Bb7 13. c4 bxc4 14. bxc4 Rc8 15. Qb3 Bd6 16. Qb2 Rxc4 17. Rd1 Qc6 18. f3 Rc2 19. Qb3 Bc5 20. Na3 Bxd4+ 21. Rxd4 Rc1+ 22. Rxc1 Qxc1+ 23. Kf2 Qc6 24. Rc4 Qd7 25. Rb4 Qd2+ 26. Kf1 Qc1+ 27. Ke2 Bd5 28. Rb8+ Ke7 29. Qb4+ Kf6 30. Rxh8 Bxa2 31. Qd4+ e5 32. Qd6+ Be6 33. Qd8+ Kg6 34. Qd3+ f5 35. Re8 Qb2+ 36. Kf1 Qa2 37. Rd8 Qa1+ 38. Kf2 e4 39. fxe4 Qf6 40. exf5+ Bxf5 41. Qd6 Be6+ 42. Ke3 Qg5+ 43. Kd4 Qd2+ 44. Kc5 Qc3+ 45. Kb6 Qb3+ 46. Ka7 1-0

[Event "Titled Tuesday 2024.09.10 Late"]
[Site "chess.com INT"]
[Date "2024.09.10"]
[Round "3"]
[White "Meunier-Pion, Jean"]
[Black "Mendes, Aaron Reeve"]
[Result "0-1"]
[WhiteElo "2198"]
[BlackElo "2320"]
[PlyCount "66"]
[GameId "2130307537298153"]
[EventDate "2024.09.10"]
[EventType "swiss (blitz)"]
[EventRounds "11"]
[EventCountry "NET"]
[SourceTitle "The Week in Chess 1558"]
[Source "Mark Crowther"]
[SourceDate "2024.09.16"]
[SourceVersion "1"]
[SourceVersionDate "2024.09.16"]
[SourceQuality "2"]

1. d4 d6 2. e4 Nf6 3. Nc3 Nbd7 4. f4 e5 5. Nf3 exf4 6. Bxf4 h6 7. Bc4 g5 8. Bg3 Bg7 9. O-O O-O 10. e5 dxe5 11. dxe5 Nh5 12. e6 Nxg3 13. exf7+ Kh8 14. hxg3 Nb6 15. Bb3 Bg4 16. Qe1 c5 17. Rd1 Qc7 18. Nd5 Nxd5 19. Bxd5 Rad8 20. c3 c4 21. Qf2 b6 22. Rd4 Bxf3 23. Rxc4 Qd7 24. Bxf3 Qxf7 25. Re4 Qxa2 26. Qe2 Qa5 27. Re7 Qc5+ 28. Kh2 g4 29. Rxg7 gxf3 30. Qe7 Qh5+ 31. Kg1 f2+ 32. Rxf2 Rd1+ 33. Rf1 Rdxf1# 0-1

[Event "Titled Tuesday 2024.09.10 Late"]
[Site "chess.com INT"]
[Date "2024.09.10"]
[Round "4"]
[White "Mendes, Aaron Reeve"]
[Black "Shubenkova, Veronika"]
[Result "0-1"]
[WhiteElo "2320"]
[BlackElo "2024"]
[PlyCount "138"]
[GameId "2130307537302320"]
[EventDate "2024.09.10"]
[EventType "swiss (blitz)"]
[EventRounds "11"]
[EventCountry "NET"]
[SourceTitle "The Week in Chess 1558"]
[Source "Mark Crowther"]
[SourceDate "2024.09.16"]
[SourceVersion "1"]
[SourceVersionDate "2024.09.16"]
[SourceQuality "2"]

1. e4 e6 2. Nf3 d5 3. Nc3 Nf6 4. e5 Nfd7 5. d4 c5 6. Bg5 Qb6 7. dxc5 Bxc5 8. Qd2 Qa5 9. a3 a6 10. Bd3 Nc6 11. Bf4 Nd4 12. O-O Nxf3+ 13. gxf3 Qd8 14. Ne2 O-O 15. c3 f6 16. exf6 Qxf6 17. Bg3 Qxf3 18. Nf4 Ne5 19. Be2 Qe4 20. Rae1 Qf5 21. b4 Ba7 22. h3 Bd7 23. Nxd5 Nf3+ 24. Bxf3 Qxf3 25. Ne7+ Kh8 26. Kh2 Rad8 27. Qg5 Qf6 28. Qxf6 gxf6 29. c4 Rf7 30. Bh4 Re8 31. Rd1 Rexe7 32. Bg3 e5 33. c5 Bb8 34. Rd2 h6 35. Rfd1 Kh7 36. Bh4 e4+ 37. Bg3 Bxg3+ 38. Kxg3 Rg7+ 39. Kf4 Bxh3 40. Rd6 f5 41. Rh1 Rg4+ 42. Ke3 f4+ 43. Kd4 Rh4 44. a4 e3 45. f3 e2 46. Re1 Bf1 47. b5 Rh5 48. c6 axb5 49. Rd7 Rhe5 50. axb5 bxc6 51. bxc6 R5e6 52. Kd5 Rxd7+ 53. cxd7 Re3 54. Kd6 Rxf3 55. Ke7 Re3+ 56. Kf7 Rd3 57. Ke7 f3 58. Rc1 f2 59. d8=Q e1=Q+ 60. Kf7 Rxd8 61. Rc7 Bc4+ 62. Kf6+ Kh8 63. Kg6 Qe4+ 64. Kxh6 Rd6+ 65. Kh5 Qg6+ 66. Kh4 Rd4+ 67. Kh3 Qg4+ 68. Kh2 Qh4+ 69. Kg2 f1=Q# 0-1

[Event "Titled Tuesday 2024.09.10 Late"]
[Site "chess.com INT"]
[Date "2024.09.10"]
[Round "6"]
[White "Mendes, Aaron Reeve"]
[Black "Herman, Daniel"]
[Result "1-0"]
[WhiteElo "2320"]
[BlackElo "1925"]
[PlyCount "81"]
[GameId "2130307537306537"]
[EventDate "2024.09.10"]
[EventType "swiss (blitz)"]
[EventRounds "11"]
[EventCountry "NET"]
[SourceTitle "The Week in Chess 1558"]
[Source "Mark Crowther"]
[SourceDate "2024.09.16"]
[SourceVersion "1"]
[SourceVersionDate "2024.09.16"]
[SourceQuality "2"]

1. e4 e5 2. Nf3 Nc6 3. Bb5 a6 4. Bxc6 dxc6 5. O-O Bg4 6. h3 h5 7. d3 Bc5 8. Be3 Bxe3 9. fxe3 Bxf3 10. Qxf3 f6 11. Qg3 Qd7 12. Nd2 O-O-O 13. b4 h4 14. Qf2 Nh6 15. a4 Nf7 16. Nc4 Ng5 17. Rfb1 Rh6 18. b5 Rg6 19. Kh2 Nxh3 20. gxh3 Rg3 21. Qf5 Qxf5 22. exf5 e4 23. d4 c5 24. c3 Rd5 25. Rg1 Rxf5 26. Rxg3 hxg3+ 27. Kxg3 axb5 28. axb5 cxd4 29. cxd4 Rxb5 30. Kf4 Rh5 31. Rg1 Rxh3 32. Rxg7 Rh4+ 33. Kf5 b5 34. Na5 Kb8 35. Kxf6 Ka7 36. Ke5 Kb6 37. Nb3 b4 38. Kd5 Kb5 39. Rxc7 Ka4 40. Nc5+ Ka3 41. Kc4 1-0

[Event "Titled Tuesday 2024.09.10 Late"]
[Site "chess.com INT"]
[Date "2024.09.10"]
[Round "9"]
[White "Sitbon, Itay"]
[Black "Mendes, Aaron Reeve"]
[Result "1-0"]
[WhiteElo "2187"]
[BlackElo "2320"]
[PlyCount "75"]
[GameId "2130307537310786"]
[EventDate "2024.09.10"]
[EventType "swiss (blitz)"]
[EventRounds "11"]
[EventCountry "NET"]
[SourceTitle "The Week in Chess 1558"]
[Source "Mark Crowther"]
[SourceDate "2024.09.16"]
[SourceVersion "1"]
[SourceVersionDate "2024.09.16"]
[SourceQuality "2"]

1. d4 d6 2. e4 Nd7 3. Nf3 g6 4. Bc4 c6 5. O-O Bg7 6. Nc3 e6 7. Bf4 d5 8. exd5 cxd5 9. Bxd5 Ne7 10. Bb3 O-O 11. d5 e5 12. Bg5 h6 13. Bxe7 Qxe7 14. d6 Qd8 15. Nd5 b6 16. Ne7+ Kh7 17. Bd5 Ba6 18. Re1 f5 19. Bxa8 Qxa8 20. Qd5 e4 21. Qe6 Qe8 22. Nh4 Rf6 23. Qd5 h5 24. Nhxg6 Rxg6 25. Qxf5 Kh6 26. Nxg6 Qxg6 27. Qxd7 Bxb2 28. Qe7 Bc4 29. d7 Bf6 30. Qf8+ Kh7 31. d8=Q Bxd8 32. Qxd8 e3 33. Rxe3 Bf7 34. Rae1 Qxc2 35. Qe7 Qg6 36. Rf3 Kh8 37. Qf8+ Bg8 38. Rf6 1-0